| 000 | 01073nam a2200241 4500 | ||
|---|---|---|---|
| 003 | CO-ViMGA | ||
| 020 | _a9789585911635 | ||
| 040 |
_aCO-ViMGA _bspa _cCO-ViMGA |
||
| 082 | 0 | 4 |
_a828.9915 _bV67a |
| 100 | 1 |
_aVoltaire, Francois, Marie Arouet de, _d1694-1774 _98495 |
|
| 245 | 1 | 0 |
_aAforismos : _bextraídos de su correspondencia / _cVoltaire. |
| 260 |
_aBogotá : _bAsociación Colombiana de Libreros Independientes, _c2016. |
||
| 300 |
_a145 páginas ; _b22 cm. |
||
| 490 | _aPlan Nacional de Lectura y Escritura Leer es mi Cuento / Ministerio de Cultura | ||
| 650 | 1 | 4 |
_aAforismos y apotegmas _xColección _98499 |
| 650 | 1 | 4 |
_aCartas Francesas _ySiglo XVII _98497 |
| 650 | 1 | 4 |
_aFilosofía francesa _vCitas, máximas, etc _ySiglo XVII _98500 |
| 650 | 1 | 4 |
_aLiteratura Francesa _vCitas, máximas, etc _ySiglo XVII _98498 |
| 650 | 1 | 4 |
_aVoltarie, Francois Marie Arouet de, 1694-1778 _vCorrespondencia, memorias, etc _xColecciones _98496 |
| 700 | 1 |
_aGallego Urrutia, María Teresa, _etraductora _98501 |
|
| 700 | 1 |
_aGarcía Gallego, Amaya, _etraductor _98502 |
|
| 942 |
_2ddc _cBK |
||
| 999 |
_c7595 _d7595 |
||